[Event "Mittelrhein Verbandsliga-W 16/17"]
[Site "Nordrheinwestfalen"]
[Date "2017.04.30"]
[Round "11.7"]
[White "Morschel, Steffen"]
[Black "Woestmann, Mathias"]
[Result "1-0"]
[WhiteElo "1701"]
[BlackElo "1396"]
[PlyCount "81"]
[EventDate "2016.09.11"]
[EventType "team-tourn"]
[EventRounds "11"]
[EventCountry "GER"]
[SourceTitle "EXT 2022"]
[Source "ChessBase"]
[SourceDate "2021.10.06"]
[SourceVersion "1"]
[SourceVersionDate "2021.10.06"]
[SourceQuality "1"]
[WhiteTeam "Horrem"]
[BlackTeam "Kerpen SK"]
[WhiteTeamCountry "GER"]
[BlackTeamCountry "GER"]

1. e4 c6 2. d4 d5 3. exd5 cxd5 4. Bd3 Nc6 5. c3 Nf6 6. Bf4 Bg4 7. Qb3 Qb6 8. h3 Bh5 9. Nd2 e6 10. Ngf3 Be7 11. Ne5 Nxe5 12. Bxe5 0-0 13. Qxb6 axb6 14. Bb5 Bg6 15. g4 Ne4 16. h4 h6 17. Ke2 Nd6 18. Bd3 Bxd3+ 19. Kxd3 f6 20. Bg3 e5 21. dxe5 fxe5 22. f3 e4+ 23. fxe4 dxe4+ 24. Ke2 Rae8 25. Raf1 Rxf1 26. Rxf1 e3 27. Bxd6 Bxd6 28. Nc4 Bg3 29. h5 Bf2 30. Nxb6 Rd8 31. Nc4 Re8 32. Rd1 Re4 33. Rd4 Re7 34. a4 Bg1 35. Rf4 g5 36. hxg6 Kg7 37. Rf7+ Rxf7 38. gxf7 Kxf7 39. Nxe3 Kf6 40. Kf3 Kg5 41. Nd5 1-0